MARC

LEADER 00000nam0a2200000 4500
001 88824
005 20231101213627.0
035 |a (RuTPU)RU\TPU\book\95310 
090 |a 88824 
100 |a 20060110d1984 k y0rusy50 ca 
101 0 |a rus 
102 |a KZ 
105 |a a z 001zy 
200 1 |a Условия образования рудных месторождений Казахстана  |e [сборник статей]  |f Академия наук Казахской ССР; Казахстанское отделение Всесоюзного минералогического общества; отв. ред. В. Г. Ли 
210 |a Алма-Ата  |c Наука  |d 1984 
215 |a 244 с.  |c ил. 
320 |a Библиография в конце статей 
610 1 |a геология 
610 1 |a рудные месторождения 
610 1 |a образование 
610 1 |a Казахстан 
610 1 |a рудообразование 
610 1 |a редкие металлы 
610 1 |a золото 
610 1 |a месторождения 
610 1 |a медь 
610 1 |a полиметаллы 
610 1 |a железо 
610 1 |a Джезказганское месторождение 
610 1 |a Рудный Алтай 
610 1 |a свинцово-цинковые месторождения 
610 1 |a месторождение Шалкия 
610 1 |a Кокчетавский массив 
675 |a 553.2(574/575)  |v 3 
702 1 |a Ли  |b В. Г.  |4 340 
712 0 2 |a Академия наук Казахской ССР  |2 stltpush  |3 (RuTPU)RU\TPU\col\4941 
712 0 2 |a Казахстанское отделение Всесоюзного минералогического общества  |2 stltpush  |3 (RuTPU)RU\TPU\col\8422  |9 24516 
801 1 |a RU  |b 63413507  |c 20060110  |g PSBO 
801 2 |a RU  |b 63413507  |c 20060705  |g PSBO 
942 |c BK